UCM

Guia Prático de Saude (Record no. 28200)

MARC details
000 -LEADER
fixed length control field 00391nam a22001577a 4500
008 - FIXED-LENGTH DATA ELEMENTS--GENERAL INFORMATION
fixed length control field 140213b xxu||||| |||| 00| 0 eng d
020 ## - INTERNATIONAL STANDARD BOOK NUMBER
International Standard Book Number 972-710-121-6
080 ## - UNIVERSAL DECIMAL CLASSIFICATION NUMBER
Universal Decimal Classification number 614
100 ## - MAIN ENTRY--PERSONAL NAME
Personal name Costa, Jorge
245 ## - TITLE STATEMENT
Title Guia Prático de Saude
Statement of responsibility, etc Jorge Costa
250 ## - EDITION STATEMENT
Edition statement s ed.
260 ## - PUBLICATION, DISTRIBUTION, ETC. (IMPRINT)
Place of publication, distribution, etc Lisboa
Name of publisher, distributor, etc Terramar
Date of publication, distribution, etc 1995
300 ## - PHYSICAL DESCRIPTION
Extent 337pp
Other physical details
Dimensions
Accompanying material
Type of unit
Size of unit
650 ## - SUBJECT ADDED ENTRY--TOPICAL TERM
Source of heading or term Saude Publica
942 ## - ADDED ENTRY ELEMENTS (KOHA)
Source of classification or shelving scheme Universal Decimal Classification
Item type Books
Holdings
Withdrawn status Lost status Source of classification or shelving scheme Damaged status Not for loan Home library Current library Date acquired Total Checkouts Full call number Barcode Date last seen Price effective from Koha item type
    Universal Decimal Classification     Beira - Ciências da Saúde Beira - Ciências da Saúde 13/02/2014   614 2071740 13/02/2014 13/02/2014 Books

Universidade Católica de Moçambique - Rua Marquês de Soveral, 960, Palmeiras II, Beira, Moçambique

Tel (Central): (+258) 23 313 077 - Fax: (+258) 23 311 520 - Email: reitoria@ucm.ac.mz - Web: www.ucm.ac.mz